Cuando Abd El Krim quiso negociar con Franco / (Record no. 118816)

MARC details
000 -LEADER
campo de control de longitud fija 00660nam a2200205 4500
001 - NÚMERO DE CONTROL
campo de control 118816
003 - IDENTIFICADOR DE NÚMERO DE CONTROL
campo de control ES-MaACL
005 - FECHA Y HORA DE LA ÚLTIMA TRANSACCIÓN
campo de control 20230906191202.0
007 - CAMPO FIJO DE DESCRIPCIÓN FÍSICA--INFORMACIÓN GENERAL
campo de control de longitud fija t|
008 - DATOS DE LONGITUD FIJA--INFORMACIÓN GENERAL
campo de control de longitud fija 070214s1981 sp r ||||1| spa d
100 1# - ENTRADA PRINCIPAL--NOMBRE DE PERSONA
Nombre de persona Pérez de Cambra, Fernando.
9 (RLIN) 90769
245 10 - MENCIÓN DEL TÍTULO
Título Cuando Abd El Krim quiso negociar con Franco /
Mención de responsabilidad, etc. Fernando Pérez de Cambra.
250 ## - MENCION DE EDICION
Mención de edición 1ª ed.
260 ## - PUBLICACIÓN, DISTRIBUCIÓN, ETC.
Lugar de publicación, distribución, etc. Barcelona :
Nombre del editor, distribuidor, etc. Luis Caralt,
Fecha de publicación, distribución, etc. 1981.
300 ## - DESCRIPCIÓN FÍSICA
Extensión 282 p. ;
Dimensiones 18 cm.
490 1# - MENCIÓN DE SERIE
Mención de serie Biblioteca universal Caralt. Serie novela ;
Designación de volumen o secuencia 184
830 0# - PUNTO DE ACCESO ADICIONAL DE SERIE-TÍTULO UNIFORME
Título uniforme Biblioteca universal Caralt. Serie novela ;
Designación de volumen o secuencia 184
9 (RLIN) 187195
852 ## - LOCALIZACIÓN
Ubicación ES-MaACL
Número de control de estantería A-10995
Sublocalización o colección R.102058
Holdings
Estatus retirado Estado de pérdida Estado de daño No para préstamo Biblioteca de origen Biblioteca actual Ubicación en estantería Fecha de adquisición Fuente de adquisición Total de préstamos Signatura topográfica completa Código de barras Visto por última vez Precio de reemplazo Tipo de ítem Koha
        Biblioteca del Ateneo de Madrid Biblioteca del Ateneo de Madrid Depósito 1 17/01/2008     A-10995 1123866 23/02/2023 23/02/2023 Libro impreso